| Tag |
First Indicator |
Second Indicator |
Subfields |
| LEADER |
00000cam a2200000Ia 4500 |
| 001 |
in00002007404 |
| 005 |
20151031141633.0 |
| 008 |
041019s1967 txua b 000 0 eng d |
| 035 |
|
|
|a (OCoLC)ocm56768672
|
| 040 |
|
|
|a TXA
|c TXA
|d UtOrBLW
|
| 049 |
|
|
|a TXAM
|
| 090 |
|
|
|a TN871
|b .L43 1967
|
| 100 |
1 |
|
|a Lebourg, M.
|
| 245 |
1 |
0 |
|a Detection of deep formation "damage" /
|c by M. Lebourg and A.T. Campbell, Jr. and E.J. Witterholt.
|
| 264 |
|
1 |
|a Houston, Tex. :
|b Johnston,
|c [1967?]
|
| 300 |
|
|
|a 23 pages :
|b illustrations ;
|c 28 cm.
|
| 336 |
|
|
|a text
|b txt
|2 rdacontent
|
| 337 |
|
|
|a unmediated
|b n
|2 rdamedia
|
| 338 |
|
|
|a volume
|b nc
|2 rdacarrier
|
| 500 |
|
|
|a Cover title.
|
| 500 |
|
|
|a Originally presented to Society of Professional Well Logging Analysts at the Seventh (i.e. eighth) Annual Logging Symposium, June 11-14, 1967.
|
| 504 |
|
|
|a Includes bibliographical references (page 22).
|
| 500 |
|
|
|a "Form J-388"--P. [4] of cover.
|
| 650 |
|
0 |
|a Drill stem testing.
|
| 650 |
|
0 |
|a Oil well drilling.
|
| 700 |
1 |
|
|a Campbell, A. T.
|
| 700 |
1 |
|
|a Witterholt, E. J.
|
| 710 |
2 |
|
|a Society of Professional Well Log Analysts.
|
| 711 |
2 |
|
|a Logging Symposium
|n (8th :
|d 1967 :
|c Denver, Colo.)
|
| 910 |
|
|
|a ccs3107
|
| 947 |
|
|
|a A14830984891
|
| 994 |
|
|
|a 02
|b TXA
|
| 999 |
|
|
|a MARS
|
| 999 |
f |
f |
|s 0dbe7fa1-8bdc-3c13-ba07-d409c569ca94
|i fde3944c-c20b-3072-8157-4cd6787df942
|t 0
|
| 952 |
f |
f |
|p ric
|a Texas A&M University
|b Rellis Campus
|c Joint Library Facility
|d Remote Storage
|t 0
|e TN871 .L43 1967
|h Library of Congress classification
|i unmediated -- volume
|m A14830984891
|
| 998 |
f |
f |
|a TN871 .L43 1967
|t 0
|l Remote Storage
|